[Event "Arco op 46th"]
[Site "Arco"]
[Date "2024.10.10"]
[Round "6"]
[White "Degaudenz, Fabio"]
[Black "Circolari, Mattia"]
[Result "1/2-1/2"]
[WhiteElo "1707"]
[BlackElo "1561"]
[PlyCount "53"]
[EventDate "2024.10.05"]
[EventType "swiss"]
[EventRounds "9"]
[EventCountry "ITA"]
[SourceTitle "CB44_2024"]
[Source "Chessbase"]
[SourceDate "2024.10.30"]
[SourceVersion "1"]
[SourceVersionDate "2024.10.30"]
[SourceQuality "1"]

1. b3 d5 2. Bb2 Bf5 3. e3 e6 4. Nf3 Nf6 5. Be2 h6 6. d3 c5 7. Ne5 Bd6 8. Nd2 Qc7 9. f4 0-0 10. g4 Bh7 11. Rg1 Nfd7 12. Nxd7 Nxd7 13. g5 hxg5 14. Rxg5 f6 15. Rg2 Nb6 16. Bg4 Rae8 17. Bh5 Re7 18. Bg6 Bxg6 19. Rxg6 e5 20. f5 Qd7 21. Qg4 Rff7 22. Qh5 Re8 23. 0-0-0 Nc8 24. Rdg1 Kf8 25. Qh8+ Ke7 26. Qh7 Qxf5 27. Rf1 1/2-1/2

[Event "Arco op 46th"]
[Site "Arco"]
[Date "2024.10.09"]
[Round "5"]
[White "Burri, Roland"]
[Black "Degaudenz, Fabio"]
[Result "1/2-1/2"]
[WhiteElo "1571"]
[BlackElo "1707"]
[PlyCount "43"]
[EventDate "2024.10.05"]
[EventType "swiss"]
[EventRounds "9"]
[EventCountry "ITA"]
[SourceTitle "CB44_2024"]
[Source "Chessbase"]
[SourceDate "2024.10.30"]
[SourceVersion "1"]
[SourceVersionDate "2024.10.30"]
[SourceQuality "1"]

1. e4 b6 2. d4 Bb7 3. Bd3 e6 4. Be3 Nf6 5. Nd2 Be7 6. a3 a6 7. c4 d6 8. Ngf3 Ng4 9. Nf1 Nxe3 10. Nxe3 Nd7 11. 0-0 g5 12. h3 h5 13. Nh2 Bf6 14. Bc2 Qe7 15. Rb1 Bg7 16. b4 Qf6 17. d5 Ke7 18. g3 Qd4 19. Qxd4 Bxd4 20. Rb3 Rhg8 21. Bd1 Nf6 22. Bc2 1/2-1/2

[Event "Arco op 46th"]
[Site "Arco"]
[Date "2024.10.06"]
[Round "2"]
[White "Degaudenz, Fabio"]
[Black "Patel, Palak"]
[Result "1/2-1/2"]
[WhiteElo "1707"]
[BlackElo "1853"]
[PlyCount "65"]
[EventDate "2024.10.05"]
[EventType "swiss"]
[EventRounds "9"]
[EventCountry "ITA"]
[SourceTitle "CB44_2024"]
[Source "Chessbase"]
[SourceDate "2024.10.30"]
[SourceVersion "1"]
[SourceVersionDate "2024.10.30"]
[SourceQuality "1"]

1. c4 c5 2. Nf3 Nc6 3. e3 g6 4. Nc3 Bg7 5. Rb1 Nf6 6. Be2 0-0 7. 0-0 d5 8. cxd5 Nxd5 9. a3 a6 10. Qc2 Nf6 11. b4 cxb4 12. axb4 Bf5 13. d3 Rc8 14. Rd1 Na7 15. Qb3 Be6 16. Qa3 Rxc3 17. Qxc3 Nd5 18. Qc5 b6 19. Qc2 Nc3 20. d4 Nxd1 21. Qxd1 b5 22. Ra1 Qb6 23. Bd2 Nc8 24. Rc1 Nd6 25. Bd3 Bc4 26. Bc3 Rd8 27. Qc2 Bxd3 28. Qxd3 Nc4 29. Qe2 e6 30. Nd2 Rc8 31. Ne4 Rd8 32. Nc5 e5 33. Ra1 1/2-1/2

[Event "Arco op 46th"]
[Site "Arco"]
[Date "2024.10.05"]
[Round "1"]
[White "Lang, Alexander"]
[Black "Degaudenz, Fabio"]
[Result "1-0"]
[WhiteElo "2016"]
[BlackElo "1707"]
[PlyCount "45"]
[EventDate "2024.10.05"]
[EventType "swiss"]
[EventRounds "9"]
[EventCountry "ITA"]
[SourceTitle "CB44_2024"]
[Source "Chessbase"]
[SourceDate "2024.10.30"]
[SourceVersion "1"]
[SourceVersionDate "2024.10.30"]
[SourceQuality "1"]

1. d4 Nf6 2. c4 c5 3. d5 b5 4. cxb5 a6 5. e3 d6 6. Nc3 g6 7. Nf3 Bg7 8. Be2 0-0 9. a4 Nbd7 10. 0-0 Nb6 11. e4 Ng4 12. Ra3 Ne5 13. Nd2 e6 14. f4 Ned7 15. a5 axb5 16. Nxb5 exd5 17. axb6 Rxa3 18. bxa3 Nxb6 19. exd5 Bb7 20. Nc4 Nxc4 21. Bxc4 Qf6 22. Bd2 Ra8 23. Bc3 1-0

[Event "Arco op 45th"]
[Site "Arco"]
[Date "2023.10.15"]
[Round "9"]
[White "Degaudenz, Fabio"]
[Black "Linnemann, Jan"]
[Result "1-0"]
[WhiteElo "1506"]
[BlackElo "1366"]
[PlyCount "69"]
[EventDate "2023.10.07"]
[EventType "swiss"]
[EventRounds "9"]
[EventCountry "ITA"]
[SourceTitle "CBM 216 Extra"]
[Source "ChessBase"]
[SourceDate "2023.11.30"]
[SourceVersion "1"]
[SourceVersionDate "2023.11.30"]
[SourceQuality "1"]

1. Nf3 Nc6 2. c4 e5 3. d3 d6 4. g3 h6 5. Bg2 Nf6 6. Nc3 Be6 7. e3 Qd7 8. h3 g5 9. a3 d5 10. cxd5 Nxd5 11. Bd2 0-0-0 12. Rc1 f6 13. b4 Nxc3 14. Rxc3 Ne7 15. Qc1 Bg7 16. e4 h5 17. Be3 g4 18. hxg4 hxg4 19. Nh4 Kb8 20. 0-0 f5 21. exf5 Nxf5 22. Nxf5 Bxf5 23. Rd1 e4 24. Bf4 Bxc3 25. Qxc3 Rc8 26. d4 Ka8 27. Rc1 Rh7 28. Qc5 Qe7 29. Qxf5 Re8 30. Qxg4 Rg7 31. Qd1 c6 32. Rc5 Rh7 33. Re5 Qd7 34. Rxe8+ Qxe8 35. Be5 1-0

[Event "Arco op 44th"]
[Site "Arco"]
[Date "2022.10.11"]
[Round "4"]
[White "Schaberg, Wolfgang"]
[Black "Degaudenz, Fabio"]
[Result "1-0"]
[WhiteElo "1859"]
[BlackElo "1471"]
[PlyCount "53"]
[EventDate "2022.10.08"]
[EventType "swiss"]
[EventRounds "9"]
[EventCountry "ITA"]
[SourceTitle "CBM 210 Extra"]
[Source "ChessBase"]
[SourceDate "2022.11.30"]
[SourceVersion "1"]
[SourceVersionDate "2022.11.30"]
[SourceQuality "1"]

1. e4 g6 2. d4 Bg7 3. Nc3 d6 4. f4 c6 5. Nf3 d5 6. e5 h5 7. Bd3 Nh6 8. Be3 Bf5 9. Bxf5 Nxf5 10. Qd3 e6 11. 0-0 Nd7 12. Bf2 h4 13. Ne2 Bh6 14. Qd2 a5 15. a4 Nf8 16. Ra3 Nh7 17. g4 hxg3 18. Nxg3 Nxg3 19. Bxg3 Rg8 20. Kh1 Kd7 21. Rb3 Rb8 22. Bh4 g5 23. fxg5 Nxg5 24. Bxg5 Bxg5 25. Nxg5 Qxg5 26. Rxf7+ Ke8 27. Qxg5 1-0

[Event "Arco op 42nd"]
[Site "Arco"]
[Date "2020.10.16"]
[Round "7.45"]
[White "Ratti, Ermanno"]
[Black "Degaudenz, Fabio"]
[Result "1/2-1/2"]
[WhiteElo "1704"]
[BlackElo "1517"]
[PlyCount "73"]
[EventDate "2020.10.10"]
[EventType "swiss"]
[EventRounds "9"]
[EventCountry "ITA"]
[SourceTitle "CBM 198 Extra"]
[Source "ChessBase"]
[SourceDate "2020.11.30"]
[SourceVersion "1"]
[SourceVersionDate "2020.11.30"]
[SourceQuality "1"]

1. e4 c5 2. Nf3 e6 3. d4 cxd4 4. Nxd4 a6 5. c4 Nf6 6. Bd3 Qc7 7. Nc3 Bc5 8. Nb3 Be7 9. Be3 d6 10. 0-0 Nbd7 11. Rc1 b6 12. f4 Bb7 13. Nd4 Nc5 14. Nf3 Ncxe4 15. Nxe4 Bxe4 16. Bxe4 Nxe4 17. Qd4 Nf6 18. Qxb6 Qxb6 19. Bxb6 Rb8 20. Bd4 0-0 21. b3 Nd7 22. Rcd1 Rfd8 23. h3 h6 24. Rfe1 Kf8 25. g4 a5 26. Rd3 Nc5 27. Bxc5 dxc5 28. Red1 Rxd3 29. Rxd3 Rd8 30. Rxd8+ Bxd8 31. Ne5 Ke8 32. Kg2 Bc7 33. Nd3 Bd6 34. Kf3 g6 35. Ke4 Ke7 36. h4 f6 37. Nb2 1/2-1/2

[Event "Arco op 40th"]
[Site "Arco"]
[Date "2018.10.16"]
[Round "4"]
[White "Prosperi, Agostino"]
[Black "Degaudenz, Fabio"]
[Result "1-0"]
[WhiteElo "1839"]
[BlackElo "1543"]
[PlyCount "87"]
[EventDate "2018.10.13"]
[EventType "swiss"]
[EventRounds "9"]
[EventCountry "ITA"]
[SourceTitle "CBM 186 Extra"]
[Source "ChessBase"]
[SourceDate "2018.08.24"]
[SourceVersion "1"]
[SourceVersionDate "2018.08.24"]
[SourceQuality "1"]

1. b3 e5 2. Bb2 d6 3. e3 Nf6 4. d4 exd4 5. Qxd4 Nc6 6. Qd1 g6 7. Nc3 Bg7 8. Nf3 0-0 9. Be2 Bf5 10. Nd4 Nxd4 11. exd4 Re8 12. 0-0 d5 13. Re1 Qd7 14. Qd2 c6 15. f3 h5 16. Bd3 Bxd3 17. Qxd3 Bh6 18. Kf2 Qd6 19. g3 Qd7 20. Kg2 Qd6 21. a4 Qd7 22. Re5 Bf8 23. Rae1 Bd6 24. Rxe8+ Rxe8 25. Rxe8+ Qxe8 26. Qe2 Qxe2+ 27. Nxe2 Kf8 28. Nc1 Ke7 29. Nd3 Nd7 30. Bc1 f6 31. Kf2 Kf7 32. Bd2 a6 33. Bf4 Bxf4 34. Nxf4 f5 35. Ke3 Nf6 36. Nd3 g5 37. Nc5 b5 38. Nxa6 Nd7 39. axb5 cxb5 40. Nc7 Nb6 41. Nxb5 Ke7 42. f4 g4 43. Kd3 Kd7 44. c4 1-0

[Event "Arco op 40th"]
[Site "Arco"]
[Date "2018.10.14"]
[Round "2"]
[White "Kopischke, Maik"]
[Black "Degaudenz, Fabio"]
[Result "1-0"]
[WhiteElo "1761"]
[BlackElo "1543"]
[PlyCount "47"]
[EventDate "2018.10.13"]
[EventType "swiss"]
[EventRounds "9"]
[EventCountry "ITA"]
[SourceTitle "CBM 186 Extra"]
[Source "ChessBase"]
[SourceDate "2018.08.24"]
[SourceVersion "1"]
[SourceVersionDate "2018.08.24"]
[SourceQuality "1"]

1. d4 Nf6 2. Nf3 g6 3. Nc3 Bg7 4. e4 d6 5. Be3 Ng4 6. Bg5 h6 7. Bh4 g5 8. Bg3 Nc6 9. h3 Nf6 10. Be2 0-0 11. 0-0 a6 12. a4 Rb8 13. Re1 Nh7 14. Qd2 e5 15. dxe5 dxe5 16. Nd5 g4 17. hxg4 Bxg4 18. Rad1 Bxf3 19. Bxf3 Ng5 20. Bg4 Ne6 21. Qe3 Qg5 22. Qxg5 hxg5 23. Bxe6 fxe6 24. Nxc7 1-0

[Event "Arco op-A 39th"]
[Site "Arco"]
[Date "2017.10.09"]
[Round "3"]
[White "Degaudenz, Fabio"]
[Black "Satter, Manfred"]
[Result "1/2-1/2"]
[WhiteElo "1530"]
[BlackElo "1778"]
[PlyCount "36"]
[EventDate "2017.10.07"]
[EventType "swiss"]
[EventRounds "9"]
[EventCountry "ITA"]
[SourceTitle "CBM 181 Extra"]
[Source "ChessBase"]
[SourceDate "2017.12.12"]
[SourceVersion "1"]
[SourceVersionDate "2017.12.12"]
[SourceQuality "1"]

1. b3 Nf6 2. Bb2 g6 3. e3 Bg7 4. Nf3 c5 5. d4 cxd4 6. exd4 0-0 7. c4 d5 8. Nc3 dxc4 9. bxc4 e6 10. Be2 b6 11. 0-0 Bb7 12. Ne5 a6 13. a4 Nc6 14. Nxc6 Bxc6 15. Re1 Qd7 16. Bf1 Rfd8 17. Ne2 Rac8 18. Qb3 Qc7 1/2-1/2

[Event "Arco op 37th"]
[Site "Arco"]
[Date "2015.10.12"]
[Round "3"]
[White "Giuriato, Sergio"]
[Black "Degaudenz, Fabio"]
[Result "1-0"]
[WhiteElo "1910"]
[BlackElo "1555"]
[PlyCount "77"]
[EventDate "2015.10.10"]
[EventType "swiss"]
[EventRounds "9"]
[EventCountry "ITA"]
[SourceTitle "CBM 168 Extra"]
[Source "ChessBase"]
[SourceDate "2015.10.29"]
[SourceVersion "1"]
[SourceVersionDate "2015.10.29"]
[SourceQuality "1"]

1. d4 Nf6 2. c4 g6 3. Nf3 Bg7 4. g3 0-0 5. Bg2 d6 6. Nc3 Bg4 7. h3 Bxf3 8. Bxf3 Nc6 9. 0-0 Nd7 10. e3 Rb8 11. Bg2 Nb6 12. b3 a5 13. Bd2 Nb4 14. a3 Nc6 15. Rb1 e6 16. Qe2 Re8 17. Qd3 Nd7 18. b4 axb4 19. axb4 Ra8 20. b5 Na5 21. Ne2 Nb6 22. Bxa5 Rxa5 23. Bxb7 Qb8 24. Bc6 Rd8 25. Ra1 Qa7 26. Rxa5 Qxa5 27. Rc1 e5 28. Kg2 exd4 29. exd4 Bh6 30. Qc3 Qa2 31. Rc2 Qa4 32. Nc1 Bg7 33. Ne2 d5 34. c5 Nc4 35. Bxd5 Rxd5 36. Qxc4 Qa8 37. c6 Qd8 38. b6 cxb6 39. c7 1-0